History Quiz

Random History or Celebrity Quiz

Born On This Day (July) Quiz Stats

 Plays Quiz Updated Jul 3, 2014

Challenge
Share
Tweet
Embed
Score 0/31 Timer 08:00
1 Play Today
Date Name % Correct
July 1Princess Diana
97.4%
July 7Ringo Starr
88.5%
July 3Tom Cruise
87.5%
July 13Harrison Ford
84.5%
July 31J.K. Rowling
83%
July 9O. J. Simpson
80.8%
July 26Mick Jagger
80%
July 29Benito Mussolini
75.5%
July 23Monica Lewinsky
72.5%
July 30Arnold Schwarzenegger
68.8%
July 16Ginger Rogers
65.6%
July 20Alexander the Great
63.3%
July 8John D. Rockefeller
59.8%
July 14William Hanna
59.6%
July 5Huey Lewis
59.1%
July 24Alexandre Dumas
55.6%
Date Name % Correct
July 27Alex Rodriguez
55.1%
July 11E.B. White
49.8%
July 28Hugo Chavez
48.9%
July 21Ernest Hemingway
44.3%
July 650 Cent
43.9%
July 10Jake LaMotta
43.2%
July 19Brian May
42.3%
July 12Bill Cosby
40.8%
July 15Rembrandt
39%
July 17James Cagney
32.6%
July 4Giuseppe Garibaldi
27.2%
July 25Gavrilo Princip
23.9%
July 18Vidkun Quisling
22.4%
July 22Louise Fletcher
20.6%
July 2Thomas Cranmer
10.8%

You're not logged in!

Compare scores with friends on all Sporcle quizzes.
OR
Log In

You Might Also Like...

Show Comments

Extras

Top Quizzes Today


Score Distribution

Your Account Isn't Verified!

In order to create a playlist on Sporcle, you need to verify the email address you used during registration. Go to your Sporcle Settings to finish the process.

Report this User

Report this user for behavior that violates our Community Guidelines.

Details: